000 01748 a2200229 4500
001 21553
005 20260407155505.0
008 260407a2011 arg spa d
003 AR-UNSa-BCEJYS
040 _aAR-UNSa-BCEJYS
_bspa
_cAR-UNSa-BCEJYS
080 _a336.2:342
_xDerecho Constitucional Tritutario
245 1 0 _aDerecho constitucional tributario
020 _a978-950-20-2225-3
250 _a5a.ed
264 1 _aBuenos Aires :
_bAbeledo Perrot
_c2011
300 _axxvi, 626 p.
_c25 cm.
505 _a1. Nociones de derecho constitucional tributario - 2. El programa constitucional - 3. Derecho de propiedad y tributos - 4. Distribución constitucional de potestades tributarias - 5. Comercio interjurisdiccional - 6. Establecimientos de utilidad nacional - 7. Proyección tributaria de normas constitucionales - 8. Régimen de coparticipación tributaria - 9. Coparticipación de impuestos sobre los combustibles - 10. Seguridad jurídica - 11. Principio de legalidad - 12. Irretroactividad de la ley fiscal - 13. Principio de igualdad, generalidad, proporcionalidad y progresividad - 14. Principio de capacidad contributiva - 15. Principio de razonabilidad de las leyes - 16.Principio de no confiscatoriedad - 17. Protección de la familia - 18. Principios constitucionales en materia de gastos - 19. Control de constitucionalidad - 20. Acciones y recursos. Cuestiones constitucionales - 21. Acción declarativa - 22. Derecho penal tributario - 23. El rol del poder judicial - 24. Ciudad de Buenos Aires
942 _cBK
590 _aniveau_biblio:m niveau_hierar:0
100 1 _aSpisso, Rodolfo Roque
856 4 1 _uhttps://biblioeco.unsa.edu.ar/pmb/images/libros/Derecho Constitucional Tributario 2.jpg
_yImagen de portada
_qimage/jpeg
999 _c819
_d819